<?xml version="1.0" encoding="UTF-8"?>
<record
    xmlns:xsi="http://www.w3.org/2001/XMLSchema-instance"
    xsi:schemaLocation="http://www.loc.gov/MARC21/slim http://www.loc.gov/standards/marcxml/schema/MARC21slim.xsd"
    xmlns="http://www.loc.gov/MARC21/slim">

  <leader>00430cam a22001457a 4500</leader>
  <controlfield tag="008">180718b1992   xxu||||| |||| 00| 0 eng d</controlfield>
  <datafield tag="082" ind1=" " ind2=" ">
    <subfield code="a">B131x5412 M896</subfield>
  </datafield>
  <datafield tag="100" ind1=" " ind2=" ">
    <subfield code="a">Mukherjee, Alok Kumar</subfield>
  </datafield>
  <datafield tag="245" ind1=" " ind2=" ">
    <subfield code="a">Howrah: a study in Urbanisation</subfield>
    <subfield code="c">by Alok Kumar Mukherjee</subfield>
  </datafield>
  <datafield tag="260" ind1=" " ind2=" ">
    <subfield code="a">Calcutta</subfield>
    <subfield code="b">Chatterjee</subfield>
    <subfield code="c">1992</subfield>
  </datafield>
  <datafield tag="300" ind1=" " ind2=" ">
    <subfield code="a">198p.</subfield>
  </datafield>
  <datafield tag="650" ind1=" " ind2=" ">
    <subfield code="a">Urbanisation</subfield>
  </datafield>
  <datafield tag="650" ind1=" " ind2=" ">
    <subfield code="a">Sociology, Urban</subfield>
  </datafield>
  <datafield tag="650" ind1=" " ind2=" ">
    <subfield code="a">Cities and towns - India - Calcutta</subfield>
  </datafield>
  <datafield tag="999" ind1=" " ind2=" ">
    <subfield code="c">351022</subfield>
    <subfield code="d">351022</subfield>
  </datafield>
  <datafield tag="952" ind1=" " ind2=" ">
    <subfield code="0">0</subfield>
    <subfield code="1">0</subfield>
    <subfield code="4">0</subfield>
    <subfield code="7">0</subfield>
    <subfield code="a">IIPA</subfield>
    <subfield code="b">IIPA</subfield>
    <subfield code="d">1993-11-10</subfield>
    <subfield code="o">B131x5412 M896</subfield>
    <subfield code="p">67172</subfield>
    <subfield code="r">2018-07-21</subfield>
    <subfield code="w">2018-07-21</subfield>
    <subfield code="y">BK</subfield>
  </datafield>
</record>
